000 00260nam a2200097Ia 4500
001 1223096
005 20250827092901.0
008 250824s9999 xx 000 0 und d
245 0 _aDOĞANIIN KALBİ CAFER AMCA
_cAYŞE ŞENGÜL
260 _bMAVİ ÇOCUK YAYINEVİ
999 _c1223096
_d1223096